[Event "PER-ch"]
[Site "Lima"]
[Date "2016.02.14"]
[Round "9"]
[White "Escalante Ramirez, Brian Sebastian"]
[Black "Palacios, Efrain"]
[Result "0-1"]
[WhiteElo "2332"]
[BlackElo "2178"]
[PlyCount "86"]
[EventDate "2016.02.10"]
[EventType "swiss"]
[EventRounds "9"]
[EventCountry "PER"]
[SourceTitle "CBM 171 Extra"]
[Source "ChessBase"]
[SourceDate "2016.04.26"]
[SourceVersion "1"]
[SourceVersionDate "2016.04.26"]
[SourceQuality "1"]

1. e4 c5 2. Nf3 e6 3. d4 cxd4 4. Nxd4 Nc6 5. Nc3 Qc7 6. Be2 a6 7. 0-0 Nf6 8. Be3 Be7 9. f4 d6 10. a4 0-0 11. Kh1 Re8 12. Bg1 Bf8 13. Qd3 e5 14. fxe5 dxe5 15. Nf5 Be6 16. Qg3 g6 17. Nd4 Nxd4 18. Bxd4 Nd7 19. Rad1 Rac8 20. Be3 Nb6 21. Bg4 Bc5 22. Bh6 Bb4 23. Nd5 Nxd5 24. Bxe6 Rxe6 25. exd5 Ree8 26. c3 Bd6 27. Rf6 Rcd8 28. Rdf1 Rd7 29. Qf2 e4 30. c4 Bxh2 31. Bf4 Bxf4 32. Rxf4 e3 33. Qe2 a5 34. g3 Qc5 35. Kg2 h5 36. g4 hxg4 37. Rxg4 Re5 38. Rh1 Rf5 39. Rf1 Rh5 40. Rg3 Rh4 41. b3 Re7 42. Rff3 Rhe4 43. d6 Qxd6 0-1

[Event "Lima IPD Cup"]
[Site "Lima"]
[Date "2013.01.26"]
[Round "8"]
[White "Palacios, Efrain"]
[Black "Aliaga Fernandez, Ingrid Yadira"]
[Result "1-0"]
[WhiteElo "2157"]
[BlackElo "2097"]
[PlyCount "69"]
[EventDate "2013.01.22"]
[EventType "swiss"]
[EventRounds "9"]
[EventCountry "PER"]
[SourceTitle "CBM 152 Extra"]
[Source "ChessBase"]
[SourceDate "2013.02.25"]
[SourceVersion "1"]
[SourceVersionDate "2013.02.25"]
[SourceQuality "1"]

1. c4 e5 2. Nc3 Nc6 3. e3 d6 4. Nf3 f5 5. d4 e4 6. Nd2 Nf6 7. b4 g6 8. b5 Ne7 9. a4 a5 10. bxa6 bxa6 11. a5 Bg7 12. h4 0-0 13. g3 h6 14. Ne2 g5 15. hxg5 hxg5 16. Bb2 c6 17. Qa4 Rb8 18. Bc3 Qc7 19. Rc1 Ng6 20. Qa1 Qe7 21. Rb1 Ra8 22. Rb6 f4 23. gxf4 gxf4 24. d5 fxe3 25. fxe3 cxd5 26. cxd5 Nxd5 27. Bxg7 Qxg7 28. Qxg7+ Kxg7 29. Rxd6 Nxe3 30. Rg1 Nc2+ 31. Kd1 Ne3+ 32. Kc1 Bf5 33. Nd4 Rfc8+ 34. Kb1 Rab8+ 35. Ka2 1-0

[Event "Lima IPD Cup"]
[Site "Lima"]
[Date "2013.01.24"]
[Round "4"]
[White "Palacios, Efrain"]
[Black "Chumpitaz Carbajal, Ann"]
[Result "0-1"]
[WhiteElo "2157"]
[BlackElo "1890"]
[PlyCount "76"]
[EventDate "2013.01.22"]
[EventType "swiss"]
[EventRounds "9"]
[EventCountry "PER"]
[SourceTitle "CBM 152 Extra"]
[Source "ChessBase"]
[SourceDate "2013.02.25"]
[SourceVersion "1"]
[SourceVersionDate "2013.02.25"]
[SourceQuality "1"]

1. d4 d5 2. c4 e6 3. Nf3 Be7 4. g3 Nf6 5. Bg2 0-0 6. 0-0 dxc4 7. Qc2 a6 8. Qxc4 b5 9. Qc2 Bb7 10. a4 b4 11. Nbd2 Nbd7 12. Nb3 Be4 13. Qd1 c5 14. dxc5 Nxc5 15. Qxd8 Rfxd8 16. Nfd4 Bxg2 17. Kxg2 Rac8 18. Nxc5 Bxc5 19. Nf3 Ne4 20. Ne5 Bd4 21. Nd3 a5 22. Bf4 g5 23. f3 gxf4 24. fxe4 fxg3 25. hxg3 Rc2 26. Kf3 Bxb2 27. Rab1 Bc3 28. Nc1 Bg7 29. Nb3 Ra8 30. Rbc1 Rb2 31. Nc5 Bc3 32. e5 Bxe5 33. Rc4 Bg7 34. Nd3 Rb3 35. Rc7 Ra3 36. g4 h6 37. g5 hxg5 38. Kg4 Rf8 0-1

[Event "Lima Morales Memorial op 3rd"]
[Site "Lima"]
[Date "2013.??.??"]
[Round "9"]
[White "Cuellar, Diego"]
[Black "Palacios, Efrain"]
[Result "1-0"]
[WhiteElo "2289"]
[BlackElo "2186"]
[PlyCount "137"]
[EventDate "2013.02.02"]
[EventType "swiss"]
[EventRounds "11"]
[EventCountry "PER"]
[SourceTitle "CBM 153 Extra"]
[Source "ChessBase"]
[SourceDate "2013.04.22"]
[SourceVersion "1"]
[SourceVersionDate "2013.04.22"]
[SourceQuality "1"]

1. e4 c5 2. Nf3 Nc6 3. d4 cxd4 4. Nxd4 Qb6 5. Nb3 Qc7 6. Nc3 e6 7. f4 d6 8. Bd3 Nf6 9. 0-0 Be7 10. Kh1 a6 11. a4 b6 12. Qf3 Bb7 13. Qh3 Nb4 14. Be3 h5 15. Bg1 g6 16. Qe3 d5 17. e5 Nd7 18. Nd4 Nc5 19. Be2 Ne4 20. Bf3 Bc5 21. Nxe4 dxe4 22. Bxe4 Bxd4 23. Qxd4 Nxc2 24. Rac1 Nxd4 25. Rxc7 Bxe4 26. Bxd4 0-0 27. Re1 Bd5 28. Bxb6 Rfb8 29. a5 Rc8 30. Rec1 Rxc7 31. Rxc7 Be4 32. Bc5 Rd8 33. Bd6 Kg7 34. h4 Ra8 35. Kg1 Rd8 36. Kf2 Ra8 37. g3 Bd3 38. Ke3 Bf1 39. Kd4 Be2 40. Ke3 Bf1 41. Kf2 Bd3 42. Ke3 Bf1 43. Kd4 Be2 44. b4 Bf1 45. Kc5 Kg8 46. Kb6 Kg7 47. Rc2 Bd3 48. Rc3 Be2 49. Kb7 Re8 50. Ka7 g5 51. fxg5 Rd8 52. Re3 Bb5 53. Rf3 Rc8 54. Rf6 Rc1 55. g6 Rf1 56. gxf7 Rxf6 57. exf6+ Kxf7 58. Be5 Be2 59. Kb6 Bd3 60. Kc5 Bf1 61. Kd4 Bb5 62. Ke3 Ba4 63. Kf4 Kg6 64. g4 hxg4 65. h5+ Kf7 66. h6 Bc2 67. b5 axb5 68. a6 g3 69. Kxg3 1-0

[Event "Lima Ingenieros CC op 2nd"]
[Site "Lima"]
[Date "2012.06.09"]
[Round "9"]
[White "Palacios, Efrain"]
[Black "Vera Siguenas, Deivy Anthoni"]
[Result "1-0"]
[WhiteElo "2189"]
[BlackElo "2378"]
[PlyCount "102"]
[EventDate "2012.06.01"]
[EventType "swiss"]
[EventRounds "9"]
[EventCountry "PER"]
[SourceTitle "EXT 2014"]
[Source "ChessBase"]
[SourceDate "2013.11.20"]
[SourceVersion "1"]
[SourceVersionDate "2013.11.20"]
[SourceQuality "1"]

1. d4 Nf6 2. c4 g6 3. Nc3 Bg7 4. e4 d6 5. Nf3 0-0 6. Be2 e5 7. 0-0 Nc6 8. d5 Ne7 9. Ne1 Nd7 10. Nd3 f5 11. Bd2 Nf6 12. f3 f4 13. c5 g5 14. Rc1 Ng6 15. Nb5 Rf7 16. Ba5 b6 17. cxd6 cxd6 18. Be1 a6 19. Nc3 h5 20. Nb4 g4 21. Nc6 Qf8 22. Na4 Rb7 23. Kh1 b5 24. Nc3 g3 25. b4 h4 26. h3 Nh7 27. Rg1 Ng5 28. Bf1 Bd7 29. a4 bxa4 30. Nxa4 Qe8 31. Ra1 Qc8 32. Rc1 Qe8 33. Ra1 Qc8 34. Rc1 Kh7 35. Nxe5 Qxc1 36. Qxc1 Bxe5 37. Nb6 Rxb6 38. Qc7 Bd4 39. Qxd7+ Kh6 40. Qc7 a5 41. Bc3 Bxc3 42. Qxb6 Bxb4 43. Qb7 Re8 44. Bb5 Re7 45. Qc8 Bd2 46. Rd1 Be3 47. Ra1 Ra7 48. Qb8 Nf7 49. Be8 Nge5 50. Bb5 Ng6 51. Re1 Re7 1-0

[Event "Lima Ingenieros CC op 2nd"]
[Site "Lima"]
[Date "2012.06.04"]
[Round "6"]
[White "Cori Quispe, Kevin Joel"]
[Black "Palacios, Efrain"]
[Result "1/2-1/2"]
[WhiteElo "2030"]
[BlackElo "2189"]
[PlyCount "74"]
[EventDate "2012.06.01"]
[EventType "swiss"]
[EventRounds "9"]
[EventCountry "PER"]
[SourceTitle "EXT 2014"]
[Source "ChessBase"]
[SourceDate "2013.11.20"]
[SourceVersion "1"]
[SourceVersionDate "2013.11.20"]
[SourceQuality "1"]

1. e4 c5 2. Nf3 e6 3. c3 d5 4. exd5 Qxd5 5. Na3 Nf6 6. d4 Nc6 7. Nb5 Qd8 8. dxc5 Bxc5 9. Qxd8+ Kxd8 10. Bf4 Ne4 11. Bg3 Nxg3 12. hxg3 a6 13. Rd1+ Ke7 14. Nbd4 Nxd4 15. Nxd4 Bd7 16. Be2 e5 17. Nb3 Bd6 18. Bf3 Rab8 19. Na5 Bc8 20. Nc4 Bc7 21. Ne3 Be6 22. Bd5 h6 23. Ke2 Rhd8 24. Bxe6 Kxe6 25. g4 Rxd1 26. Rxd1 Rd8 27. Rxd8 Bxd8 28. b4 g6 29. a4 f5 30. c4 a5 31. bxa5 Bxa5 32. f3 h5 33. gxf5+ gxf5 34. Kd3 Bb6 35. Nd5 Bc5 36. Nc7+ Kd7 37. Nd5 h4 1/2-1/2

[Event "Lima Ingenieros CC op 2nd"]
[Site "Lima"]
[Date "2012.06.03"]
[Round "5"]
[White "Palacios, Efrain"]
[Black "Suyo, Adrian"]
[Result "1-0"]
[WhiteElo "2189"]
[BlackElo "1847"]
[PlyCount "63"]
[EventDate "2012.06.01"]
[EventType "swiss"]
[EventRounds "9"]
[EventCountry "PER"]
[SourceTitle "EXT 2014"]
[Source "ChessBase"]
[SourceDate "2013.11.20"]
[SourceVersion "1"]
[SourceVersionDate "2013.11.20"]
[SourceQuality "1"]

1. d4 d5 2. c4 c6 3. Nf3 Nf6 4. Qc2 g6 5. Bf4 Nbd7 6. e3 Bg7 7. Nc3 a6 8. Be2 0-0 9. 0-0 dxc4 10. Bxc4 Nh5 11. Bg5 h6 12. Bh4 Nb6 13. Qxg6 Nxc4 14. Qxh5 f6 15. b3 Nd6 16. e4 Be6 17. Rfe1 Bf7 18. Qg4 h5 19. Qf4 Bg6 20. Qd2 Qa5 21. Qb2 Rae8 22. Rad1 Qc7 23. e5 Nf5 24. Bg3 Nxg3 25. hxg3 e6 26. Ne4 fxe5 27. dxe5 Rxf3 28. gxf3 Bxe5 29. Qd2 Bxe4 30. Rxe4 Qg7 31. Kg2 Bf6 32. Qe2 1-0

[Event "Lima Morales Memorial op 2nd"]
[Site "Lima"]
[Date "2012.01.29"]
[Round "8"]
[White "Martinez Alcantara, Jose Eduardo"]
[Black "Palacios, Efrain"]
[Result "1-0"]
[WhiteElo "2023"]
[BlackElo "2206"]
[PlyCount "77"]
[EventDate "2012.01.21"]
[EventType "swiss"]
[EventRounds "9"]
[EventCountry "PER"]
[SourceTitle "EXT 2014"]
[Source "ChessBase"]
[SourceDate "2013.11.20"]
[SourceVersion "1"]
[SourceVersionDate "2013.11.20"]
[SourceQuality "1"]

1. e4 c5 2. Nf3 e6 3. d4 cxd4 4. Nxd4 Nc6 5. Nc3 a6 6. Nxc6 bxc6 7. Bd3 Qc7 8. 0-0 Nf6 9. f4 Bc5+ 10. Kh1 d6 11. Qf3 Bd4 12. Ne2 Bc5 13. e5 Nd5 14. c4 Ne7 15. exd6 Bxd6 16. Be3 Ng6 17. c5 Be7 18. Bd4 0-0 19. Qh5 f5 20. Rf3 Rf7 21. g4 fxg4 22. Be5 Qa5 23. Bxg6 hxg6 24. Qxg4 Qxc5 25. Qxg6 Qd5 26. Raf1 c5 27. Nc3 Qc6 28. Ne4 Bb7 29. Re1 Qa4 30. Bc3 Qxa2 31. Rh3 Bxe4+ 32. Rxe4 Qb1+ 33. Be1 Rf6 34. Qh7+ Kf7 35. Qh5+ g6 36. Qh7+ Ke8 37. Qg8+ Rf8 38. Qxg6+ Rf7 39. Rh8+ 1-0

[Event "Lima Morales Memorial op 2nd"]
[Site "Lima"]
[Date "2012.01.28"]
[Round "6"]
[White "Aliaga Salinas, Rafael"]
[Black "Palacios, Efrain"]
[Result "1/2-1/2"]
[WhiteElo "1966"]
[BlackElo "2206"]
[PlyCount "100"]
[EventDate "2012.01.21"]
[EventType "swiss"]
[EventRounds "9"]
[EventCountry "PER"]
[SourceTitle "EXT 2014"]
[Source "ChessBase"]
[SourceDate "2013.11.20"]
[SourceVersion "1"]
[SourceVersionDate "2013.11.20"]
[SourceQuality "1"]

1. d4 d5 2. c4 e6 3. Nf3 Nf6 4. Nc3 Nbd7 5. Bg5 Be7 6. e3 h6 7. Bh4 Ne4 8. Bxe7 Qxe7 9. cxd5 Nxc3 10. bxc3 exd5 11. Bd3 0-0 12. 0-0 c5 13. dxc5 Nxc5 14. Bc2 Rd8 15. Nd4 Qe5 16. Qe2 Bd7 17. Rfd1 Rac8 18. c4 dxc4 19. Qxc4 b6 20. Qb4 Re8 21. Rd2 g6 22. Rad1 Qf6 23. Nf3 Rc7 24. Rd4 Be6 25. a4 Rec8 26. Qa3 Nb7 27. Bd3 Nc5 28. Bc2 Kg7 29. Rf4 Qe7 30. Qa1+ Kg8 31. h4 h5 32. Ng5 Nd7 33. Bd3 Bb3 34. Ba6 Rf8 35. Rdd4 Nc5 36. Bc4 Bxc4 37. Rxc4 Rd7 38. Ne4 Nxe4 39. Rcxe4 Qd8 40. Kh2 Re8 41. Rd4 Re6 42. Qd1 Red6 43. g3 a6 44. Qd3 Rxd4 45. exd4 Qa8 46. Rf6 Qb7 47. Qe3 b5 48. axb5 axb5 49. Qe8+ Kg7 50. Qe5 Kh7 1/2-1/2

[Event "Rio de Janeiro zt 2.4"]
[Site "Rio de Janeiro"]
[Date "2011.06.20"]
[Round "3"]
[White "Barbosa, Evandro Amorim"]
[Black "Palacios, Efrain"]
[Result "1-0"]
[WhiteElo "2343"]
[BlackElo "2176"]
[PlyCount "53"]
[EventDate "2011.06.18"]
[EventType "swiss"]
[EventRounds "9"]
[EventCountry "BRA"]
[SourceTitle "CBM 143 Extra"]
[Source "ChessBase"]
[SourceDate "2011.08.29"]
[SourceVersion "1"]
[SourceVersionDate "2011.08.29"]
[SourceQuality "1"]

1. e4 c5 2. Nf3 e6 3. d4 cxd4 4. Nxd4 a6 5. Bd3 Nc6 6. Nxc6 bxc6 7. 0-0 d5 8. c4 Nf6 9. Nc3 d4 10. Ne2 e5 11. h3 Bd6 12. f4 Qc7 13. f5 a5 14. Ng3 h5 15. Bg5 h4 16. Ne2 Be7 17. Qe1 Nd7 18. Bxe7 Kxe7 19. Kh1 Qd6 20. Ng1 Nc5 21. Rd1 Qf6 22. Nf3 a4 23. Qb4 Qd6 24. Nxd4 Na6 25. Nxc6+ Kd7 26. Qb6 Rb8 27. Nxb8+ 1-0

[Event "Rio de Janeiro zt 2.4"]
[Site "Rio de Janeiro"]
[Date "2011.06.19"]
[Round "2"]
[White "Cuellar, Ulises"]
[Black "Palacios, Efrain"]
[Result "0-1"]
[WhiteElo "1994"]
[BlackElo "2176"]
[PlyCount "58"]
[EventDate "2011.06.18"]
[EventType "swiss"]
[EventRounds "9"]
[EventCountry "BRA"]
[SourceTitle "CBM 143 Extra"]
[Source "ChessBase"]
[SourceDate "2011.08.29"]
[SourceVersion "1"]
[SourceVersionDate "2011.08.29"]
[SourceQuality "1"]

1. d4 Nf6 2. Bf4 g6 3. e3 Bg7 4. Nf3 0-0 5. Be2 d5 6. h3 c5 7. c3 Nc6 8. Nbd2 b6 9. Ne5 Nxe5 10. Bxe5 Bb7 11. h4 c4 12. h5 b5 13. f4 Nd7 14. Bxg7 Kxg7 15. Bf3 f6 16. hxg6 hxg6 17. Bg4 Qc7 18. Qf3 Rh8 19. Kf2 f5 20. Bxf5 gxf5 21. Qg3+ Kf6 22. Qg5+ Ke6 23. g4 fxg4 24. e4 dxe4 25. d5+ Bxd5 26. Qxg4+ Kd6 27. Qg3 e3+ 28. Kxe3 Rxh1 29. Rxh1 Qc5+ 0-1

[Event "Rio de Janeiro zt 2.4"]
[Site "Rio de Janeiro"]
[Date "2009.06.16"]
[Round "9"]
[White "Palacios, Efrain"]
[Black "Leitao, Rafael Duailibe"]
[Result "0-1"]
[WhiteElo "2123"]
[BlackElo "2590"]
[PlyCount "62"]
[EventDate "2009.06.08"]
[EventType "tourn"]
[EventRounds "9"]
[EventCountry "BRA"]
[EventCategory "8"]
[SourceTitle "CBM 130 Extra"]
[Source "ChessBase"]
[SourceDate "2009.07.02"]
[SourceVersion "2"]
[SourceVersionDate "2009.07.15"]
[SourceQuality "1"]

1. e4 c5 2. Nf3 d6 3. d4 cxd4 4. Nxd4 Nf6 5. Nc3 e6 6. Be2 Be7 7. 0-0 a6 8. a4 Nc6 9. Be3 0-0 10. f4 Qc7 11. Kh1 Re8 12. Bf3 Bf8 13. Qd2 Rb8 14. Qf2 Nd7 15. f5 Nde5 16. Be2 Bd7 17. a5 Be7 18. g4 Nxa5 19. Nxe6 fxe6 20. Bb6 Qc6 21. Rxa5 Rf8 22. Kg1 Bh4 23. Qd4 Bf6 24. Qe3 Rbe8 25. Bd4 b5 26. Rfa1 Bc8 27. fxe6 Bd8 28. R5a2 Rxe6 29. Nd5 Nxg4 30. Bxg4 Rg6 31. Kh1 Bxg4 0-1

[Event "Rio de Janeiro zt 2.4"]
[Site "Rio de Janeiro"]
[Date "2009.06.13"]
[Round "6"]
[White "Lima, Darcy Gustavo Macha"]
[Black "Palacios, Efrain"]
[Result "1-0"]
[WhiteElo "2499"]
[BlackElo "2123"]
[PlyCount "57"]
[EventDate "2009.06.08"]
[EventType "tourn"]
[EventRounds "9"]
[EventCountry "BRA"]
[EventCategory "8"]
[SourceTitle "CBM 130 Extra"]
[Source "ChessBase"]
[SourceDate "2009.07.02"]
[SourceVersion "2"]
[SourceVersionDate "2009.07.15"]
[SourceQuality "1"]

1. g3 d5 2. Bg2 Bf5 3. c4 Be4 4. f3 Bxb1 5. Rxb1 dxc4 6. Qa4+ Nd7 7. Qxc4 e5 8. f4 c6 9. Nf3 Bd6 10. fxe5 Nxe5 11. Nxe5 Bxe5 12. b4 a6 13. 0-0 Nf6 14. a4 0-0 15. b5 cxb5 16. axb5 Qb6+ 17. e3 Rac8 18. Qe2 Rfe8 19. Ba3 a5 20. Rfc1 h5 21. Rxc8 Rxc8 22. d4 Bb8 23. Bc5 Qc7 24. b6 Qd7 25. e4 Bd6 26. e5 Bxc5 27. dxc5 Qe7 28. c6 bxc6 29. Qa6 1-0

[Event "Rio de Janeiro zt 2.4"]
[Site "Rio de Janeiro"]
[Date "2009.06.12"]
[Round "5"]
[White "Palacios, Efrain"]
[Black "Zambrana, Oswaldo"]
[Result "0-1"]
[WhiteElo "2123"]
[BlackElo "2473"]
[PlyCount "52"]
[EventDate "2009.06.08"]
[EventType "tourn"]
[EventRounds "9"]
[EventCountry "BRA"]
[EventCategory "8"]
[SourceTitle "CBM 130 Extra"]
[Source "ChessBase"]
[SourceDate "2009.07.02"]
[SourceVersion "2"]
[SourceVersionDate "2009.07.15"]
[SourceQuality "1"]

1. d4 Nf6 2. c4 c5 3. d5 e6 4. Nc3 exd5 5. cxd5 d6 6. g3 g6 7. Bg2 Bg7 8. Nf3 0-0 9. 0-0 Re8 10. Nd2 Nbd7 11. h3 a6 12. a4 Nh5 13. Nc4 Ne5 14. Na3 Rb8 15. e4 Bd7 16. a5 Qxa5 17. g4 Nf6 18. f4 Nfxg4 19. fxe5 Nxe5 20. Bd2 Qc7 21. Qc2 b5 22. Nab1 b4 23. Na4 Bb5 24. Rd1 Bd3 25. Qb3 c4 26. Qa2 Bc2 0-1

[Event "Rio de Janeiro zt 2.4"]
[Site "Rio de Janeiro"]
[Date "2009.06.10"]
[Round "3"]
[White "Matsuura, Everaldo"]
[Black "Palacios, Efrain"]
[Result "1-0"]
[WhiteElo "2482"]
[BlackElo "2123"]
[PlyCount "131"]
[EventDate "2009.06.08"]
[EventType "tourn"]
[EventRounds "9"]
[EventCountry "BRA"]
[EventCategory "8"]
[SourceTitle "CBM 130 Extra"]
[Source "ChessBase"]
[SourceDate "2009.07.02"]
[SourceVersion "2"]
[SourceVersionDate "2009.07.15"]
[SourceQuality "1"]

1. e4 c5 2. Nf3 e6 3. d4 cxd4 4. Nxd4 Nc6 5. Nc3 a6 6. Nxc6 bxc6 7. e5 Qc7 8. Qe2 f5 9. f4 d5 10. exd6 Bxd6 11. g3 Nf6 12. Bg2 0-0 13. 0-0 Rb8 14. b3 Re8 15. Qc4 Nd5 16. Bd2 Qa7+ 17. Kh1 Bd7 18. Qd3 Rbd8 19. Rfe1 Be7 20. Nxd5 cxd5 21. Be3 Qb7 22. Bd4 Bf8 23. Qe2 Bc6 24. Bf3 g6 25. Qe5 Bg7 26. Qxg7+ Qxg7 27. Bxg7 Kxg7 28. c4 Rc8 29. c5 a5 30. a3 Rb8 31. Rab1 Kf6 32. b4 axb4 33. axb4 g5 34. Kg1 Re7 35. Rb2 gxf4 36. gxf4 Reb7 37. Reb1 h6 38. Kf2 e5 39. fxe5+ Kxe5 40. Re2+ Kf4 41. Re6 Rc7 42. Rxh6 Rcc8 43. Rd6 Ba8 44. Bxd5 Bxd5 45. Rxd5 Rh8 46. Kg2 Ke4 47. Rd2 Rbg8+ 48. Kh1 Ke3 49. Rg2 Rc8 50. Re1+ Kf3 51. Rf1+ Ke4 52. Re2+ Kd3 53. Re5 Kc4 54. Rf4+ Kb5 55. Rexf5 Rce8 56. h4 Re2 57. Rg5 Rd8 58. Rg2 Re1+ 59. Kh2 Rb1 60. Kh3 Rxb4 61. Rxb4+ Kxb4 62. Rg5 Rd4 63. h5 Kb5 64. h6 Rd1 65. Kg4 Rh1 66. Rh5 1-0

[Event "Callao op"]
[Site "Callao"]
[Date "2007.08.13"]
[Round "8"]
[White "Palacios, Efrain"]
[Black "Enriquez, Martin"]
[Result "0-1"]
[WhiteElo "2174"]
[BlackElo "2243"]
[PlyCount "124"]
[EventDate "2007.08.08"]
[EventType "swiss"]
[EventRounds "9"]
[EventCountry "PER"]
[SourceTitle "CBM 119 Extra"]
[Source "ChessBase"]
[SourceDate "2007.09.04"]
[SourceVersion "1"]
[SourceVersionDate "2007.09.04"]
[SourceQuality "1"]

1. e4 c5 2. Nf3 e6 3. c3 a6 4. d4 cxd4 5. cxd4 b5 6. Bd3 Bb7 7. 0-0 Nf6 8. Re1 Be7 9. Nbd2 d5 10. e5 Nfd7 11. a4 bxa4 12. Nf1 Nb6 13. Ng3 h5 14. h4 Bxh4 15. Nf5 Be7 16. Nd6+ Bxd6 17. exd6 Qxd6 18. Ne5 N8d7 19. Bf4 Nxe5 20. Bxe5 Qe7 21. Re3 Nc4 22. Bxc4 dxc4 23. Qxa4+ Kf8 24. Qxc4 Bd5 25. Qe2 f6 26. Bh2 Kf7 27. Rc3 Rac8 28. Rxc8 Rxc8 29. Qxh5+ Kg8 30. Qe2 Qb7 31. f3 Rc4 32. Bd6 Rxd4 33. Bc5 Rc4 34. b4 Qb5 35. Qf1 Rc2 36. Qxb5 axb5 37. Ra5 Bc4 38. Ra7 g5 39. Bd6 Bd5 40. Rc7 Ra2 41. Rc5 g4 42. Rxb5 gxf3 43. gxf3 Bxf3 44. Rb8+ Kg7 45. b5 Rb2 46. b6 Bd5 47. Bc5 Rb5 48. Rc8 Kg6 49. Kf2 Kf5 50. Ke3 e5 51. Kd3 Rb3+ 52. Kc2 Ke4 53. Re8 Rb5 54. Bg1 f5 55. Bf2 Kf3 56. Bh4 e4 57. Rf8 Be6 58. Bd8 e3 59. Re8 Bd5 60. Kd3 Be4+ 61. Kc4 Rb1 62. Kc5 e2 0-1

[Event "Lima Castaneda Memorial op"]
[Site "Lima"]
[Date "2007.03.24"]
[Round "6"]
[White "Palacios, Efrain"]
[Black "Pacheco, Garri"]
[Result "0-1"]
[WhiteElo "2218"]
[BlackElo "2201"]
[PlyCount "66"]
[EventDate "2007.03.19"]
[EventType "swiss"]
[EventRounds "7"]
[EventCountry "PER"]
[SourceTitle "CBM 117 Extra"]
[Source "ChessBase"]
[SourceDate "2007.05.09"]
[SourceVersion "1"]
[SourceVersionDate "2007.05.09"]
[SourceQuality "1"]

1. c4 Nf6 2. Nf3 g6 3. Nc3 Bg7 4. e3 d6 5. d3 0-0 6. Be2 e5 7. 0-0 Nc6 8. a3 Be6 9. Qc2 h6 10. b4 Nh7 11. Bb2 f5 12. Nd5 Ne7 13. Nxe7+ Qxe7 14. Nd2 f4 15. c5 d5 16. e4 d4 17. a4 g5 18. Qd1 Nf6 19. g4 fxg3 20. hxg3 Bh3 21. Re1 Qf7 22. Kh2 Ng4+ 23. Bxg4 Bxg4 24. f3 Qh5+ 25. Kg1 Rxf3 26. Nxf3 Bxf3 27. Qb3+ Kh8 28. Kf2 Qh2+ 29. Kxf3 Rf8+ 30. Kg4 h5+ 31. Kxg5 Qxg3+ 32. Kxh5 Qh3+ 33. Kg5 Bf6+ 0-1